Statistics for Largest Country in the World by Year

Click here to take the quiz!

General Stats

  • This quiz has been taken 132 times
  • The average score is 11 of 35

Answer Stats

DatesCountry% Correct
1556 AD-1764 ADRussia
97%
19 BC- 260 ADRome
85%
1923 AD- 1991 ADSoviet Union
85%
1207 AD- 1271 ADMongol Empire
84%
1829 AD- 1871 ADUnited Kingdom
84%
1764 AD- 1804 ADSpain
71%
3000 BC- c.2500 BCEgypt
70%
550 BC- 329 BCPersia
66%
329 BC- 323 BCMacedonia
54%
1415 AD- 1556 ADMing Dynasty
46%
730 BC- 723 BCAssyria
44%
205 BC- 200 BCHan Dynasty
31%
680 AD- 751 ADUmayyad Caliphate
28%
979 AD-1020 ADSong Dynasty
26%
631 AD- 680 ADTang Dynasty
25%
1271 AD- 1369 ADYuan Dynasty
24%
1371 AD- 1398 ADGolden Horde
21%
c.2500 BC- c.1550 BCIndus River Valley Civilization
17%
751 AD- 875 ADAbbasid Dynasty
15%
279 BC- 205 BCMaurya Empire
15%
323 BC- 279 BCSeleucid Empire
15%
1398 AD- 1415 ADTimurid Empire
15%
c.1550 BC- 1040 BCShang Dynasty
14%
1040 BC- c.770 BCZhou Dynasty
13%
1020 AD- 1025 ADKievan Rus
12%
260 AD- 275 ADSassanid Empire
10%
1054 AD- 1096 ADSeljuq
8%
200 BC- 100 BCXiongnu Confederation
7%
553 ADGöktürks
6%
c.740 BC- 730 BCPhrygia
6%
1096 AD- 1146 ADAlmoravid
5%
c.770 BC- c.740 BCChu
5%
615 BC- 550 BCMedes
5%
1146 AD- 1207 ADQara-Khitai
3%
907 AD- 979 ADSamanid
3%

Score Distribution

Percentile by Number Answered

Percent of People with Each Score

Your Score History

You have not taken this quiz